00765nam a2200217 a 4500001001000000003000400010005001700014008004100031020001500072040002500087082002700112100003000139245008400169250001100253260004200264300002100306504007400327600003400401651005700435651005500492000026009OSt20260321073641.0110225s2002 dr 000 0 spa d a9993476129 aDO-SdBNPbspacBNPHU a923.57293bG633b, 20021 a Bosch, Juan, d1909-200110aMáximo Gómez de Monte Cristi a la gloria: /ctres años de guerra en Cuba. a4a ed. aSanto Domingo :bAlfa & Omega,c2002. a137 p. ;c21 cm. aIncluye referencias bibliográficas y notas al pie de las páginas.10aGómez, Máximo,d1836-1905 4aCubaxHistoriayGuerra de los diez años, 1868-1878 4aCubaxHistoriayGuerra de independencia, 1895-1898